Video over IP : a practical guide to technology and applications
Video Over IP gives you everything you need to know to choose from among the many ways of transferring your video over a network. The information is presented in an easy to read format, with comparison charts provided to help you understand the benefits and drawbacks of different technologies for a...
Zapisane w:
| 1. autor: | |
|---|---|
| Format: | Książka |
| Język: | Undetermined |
| Wydane: |
Amsterdam ; Boston
Focal Press
2006
|
| Hasła przedmiotowe: | |
| Etykiety: |
Dodaj etykietę
Nie ma etykietki, Dołącz pierwszą etykiete!
|
| Thư viện lưu trữ: | Trung tâm Học liệu Trường Đại học Cần Thơ |
|---|
| LEADER | 01022nam a2200229Ia 4500 | ||
|---|---|---|---|
| 001 | CTU_138056 | ||
| 008 | 210402s9999 xx 000 0 und d | ||
| 020 | |c 63.95 | ||
| 082 | |a 006.7768 | ||
| 082 | |b S613 | ||
| 100 | |a Simpson,Wes | ||
| 245 | 0 | |a Video over IP : | |
| 245 | 2 | |b a practical guide to technology and applications | |
| 245 | 0 | |c Wes Simpson | |
| 260 | |a Amsterdam ; Boston | ||
| 260 | |b Focal Press | ||
| 260 | |c 2006 | ||
| 520 | |a Video Over IP gives you everything you need to know to choose from among the many ways of transferring your video over a network. The information is presented in an easy to read format, with comparison charts provided to help you understand the benefits and drawbacks of different technologies for a variety of practical applications. | ||
| 650 | |a TCP/IP (Computer network protocol),Digital video,Telecommunication,Giao thức mạng máy tính | ||
| 650 | |x Data processing. | ||
| 904 | |i Hồng Nhung | ||
| 980 | |a Trung tâm Học liệu Trường Đại học Cần Thơ | ||